人偏の常用漢字 - Statistics

General Stats
  • This quiz has been taken 25 times
  • The average score is 20 of 90
Answer Stats
Answer % Correct
73%
67%
67%
60%
47%
47%
40%
40%
40%
40%
40%
40%
40%
40%
33%
33%
33%
33%
33%
33%
33%
33%
33%
33%
33%
33%
33%
27%
27%
27%
27%
使
27%
27%
27%
27%
27%
27%
27%
20%
20%
20%
20%
20%
20%
20%
20%
20%
20%
20%
20%
20%
20%
13%
13%
便
13%
13%
13%
13%
13%
13%
13%
13%
13%
13%
13%
13%
7%
7%
7%
7%
7%
7%
7%
7%
7%
7%
7%
7%
7%
7%
0%
0%
0%
0%
0%
0%
0%
0%
0%
0%
No matching quizzes found
Score Distribution
Percent of People with Each Score
Percentile by Number Answered
Your Score History
You have not taken this quiz